| 000 | 008670000a22002770004500 | ||
|---|---|---|---|
| 003 | LK-CoMWRAF | ||
| 005 | 20231127124634.0 | ||
| 008 | 230817t2002 ||||| |||| 00| 0 eng d | ||
| 020 | _a0855985011 | ||
| 040 |
_aLK-CoMWRAF _dLK-CoMWRAF _eLK-CoMWRAF |
||
| 041 | _aeng | ||
| 082 |
_a333.7 _bNAT |
||
| 245 |
_aNatural resources management and gender : _ba global source book |
||
| 260 |
_aOxford: _bOxfam GB, _c2002 |
||
| 300 |
_a136 p. ; 24 cm. _bBibliography and index included |
||
| 490 | _aGender, Society & Development | ||
| 490 | _aCritical reviews and annotated bibliographies series | ||
| 650 | _aWomen in development | ||
| 650 | _aWomen and the environment | ||
| 650 | _aEnvironmental management | ||
| 650 | _aSustainable development | ||
| 700 |
_aCummings, Sarah _eed. |
||
| 700 |
_avan Dam, Henk _eed. |
||
| 700 |
_aValk, Minke _eed. |
||
| 942 | _cBK | ||
| 999 |
_c541 _d541 |
||